00349nam a2200145 a 45000010005000000030009000050080041000140400028000550820016000831000024000992450011001232600030001343000010001646500029001744933CO-ViMGA141112s2004 ck r 000 u spa d aCO-ViMGAbspacCO-ViMGA04a928.6 N378t1 aTeitelboim, Volodia10aNeruda aMexico : bHermes, c1996 a532 p14aPABLO NERUDA 1904 - 1973